[Event "World Amateur-ch U2000"]
[Site "Chalkidiki"]
[Date "2016.04.25"]
[Round "7"]
[White "Ajith, MP."]
[Black "Makropoulos, Ioannis"]
[Result "1-0"]
[WhiteElo "1927"]
[BlackElo "1833"]
[PlyCount "139"]
[EventDate "2016.04.19"]
[EventType "swiss"]
[EventRounds "9"]
[EventCountry "GRE"]
[SourceTitle "CBM 172 Extra"]
[Source "ChessBase"]
[SourceDate "2016.06.21"]
[SourceVersion "1"]
[SourceVersionDate "2016.06.21"]
[SourceQuality "1"]

1. d4 e6 2. e3 Nf6 3. Bd3 d5 4. f4 c5 5. c3 Nbd7 6. Nf3 b6 7. 0-0 Bb7 8. Ne5 Bd6 9. Nd2 cxd4 10. exd4 0-0 11. Qe2 a6 12. Rf3 g6 13. Rh3 Ne4 14. Nxe4 dxe4 15. Bxe4 Bxe4 16. Qxe4 Nf6 17. Qe2 b5 18. a3 h5 19. Be3 Qe8 20. f5 exf5 21. Bh6 Bxe5 22. Qxe5 Qxe5 23. dxe5 Ng4 24. Bxf8 Kxf8 25. a4 Rb8 26. axb5 Rxb5 27. b4 Rxe5 28. Rd3 Re6 29. h3 Nf6 30. c4 Rb6 31. c5 Rxb4 32. Rxa6 Ne4 33. Ra8+ Kg7 34. c6 Rc4 35. Rc8 Nc5 36. Rd7 Ne6 37. c7 Kf6 38. h4 Rc3 39. Kf2 Rc4 40. Re8 Rc2+ 41. Kg1 Rc1+ 42. Kh2 Nxc7 43. Rc8 Rc4 44. g3 f4 45. Rcxc7 fxg3+ 46. Kxg3 Rg4+ 47. Kh3 Ke6 48. Rxf7 g5 49. hxg5 Rxg5 50. Rh7 Kd6 51. Ra7 Rg1 52. Ra6+ Kc5 53. Rxh5+ Kb4 54. Rf6 Rh1+ 55. Kg4 Rg1+ 56. Kf5 Re1 57. Re6 Rf1+ 58. Kg4 Rg1+ 59. Kf3 Rf1+ 60. Ke2 Rf4 61. Ke3 Rf1 62. Re4+ Kc3 63. Rh3 Kb2 64. Rf4 Re1+ 65. Kd2 Re7 66. Rb4+ Ka2 67. Rh8 Ra7 68. Kc3 Rc7+ 69. Rc4 Rg7 70. Ra4+ 1-0

[Event "Commonwealth-ch"]
[Site "Nagpur"]
[Date "2008.10.03"]
[Round "8"]
[White "Ajith, MP."]
[Black "Premnath, Ramanathan"]
[Result "0-1"]
[WhiteElo "2104"]
[BlackElo "2257"]
[PlyCount "122"]
[EventDate "2008.09.28"]
[EventType "swiss"]
[EventRounds "11"]
[EventCountry "IND"]
[SourceTitle "CBM 126 Extra"]
[Source "ChessBase"]
[SourceDate "2008.11.05"]
[SourceVersion "1"]
[SourceVersionDate "2008.11.05"]
[SourceQuality "1"]

1. d4 Nf6 2. Nf3 e6 3. c3 b6 4. g3 Bb7 5. Bg2 Be7 6. 0-0 0-0 7. Nbd2 c5 8. dxc5 bxc5 9. Qc2 d5 10. Ne5 Qc7 11. f4 Bd6 12. Ndf3 Ne4 13. Be3 Nc6 14. Nxc6 Bxc6 15. b4 Bb7 16. b5 Qa5 17. c4 Qc3 18. Qxc3 Nxc3 19. Ne5 Nxe2+ 20. Kf2 Nc3 21. a4 f6 22. Nd3 Rac8 23. a5 Rf7 24. a6 Ba8 25. Rfc1 d4 26. Bxa8 Rxa8 27. Bd2 Ne4+ 28. Ke2 e5 29. Ba5 Re7 30. Kf3 Nc3 31. Bxc3 e4+ 32. Kf2 exd3 33. Ba5 Re2+ 34. Kg1 g5 35. fxg5 fxg5 36. Rd1 Rc2 37. Rxd3 Rxc4 38. Re1 Ra4 39. Bd2 g4 40. Re4 h5 41. Kg2 Kf7 42. h3 Rg8 43. hxg4 hxg4 44. Be1 Ra2+ 45. Rd2 Rxd2+ 46. Bxd2 Kf6 47. Ba5 Kf5 48. Re1 c4 49. Rf1+ Ke6 50. b6 axb6 51. Bxb6 d3 52. Rd1 Kd5 53. a7 Be5 54. Kf2 Re8 55. Rh1 Rf8+ 56. Kg2 d2 57. Ba5 Ra8 58. Bxd2 Rxa7 59. Bf4 Ra2+ 60. Kf1 Bxf4 61. gxf4 c3 0-1

[Event "Commonwealth-ch"]
[Site "Nagpur"]
[Date "2008.10.02"]
[Round "6"]
[White "Ajith, MP."]
[Black "Singh, DP."]
[Result "0-1"]
[WhiteElo "2104"]
[BlackElo "2299"]
[PlyCount "66"]
[EventDate "2008.09.28"]
[EventType "swiss"]
[EventRounds "11"]
[EventCountry "IND"]
[SourceTitle "CBM 126 Extra"]
[Source "ChessBase"]
[SourceDate "2008.11.05"]
[SourceVersion "1"]
[SourceVersionDate "2008.11.05"]
[SourceQuality "1"]

1. d4 Nf6 2. Nf3 c5 3. c3 b6 4. g3 Bb7 5. Bg2 g6 6. 0-0 Bg7 7. Qb3 cxd4 8. Ne5 d5 9. cxd4 0-0 10. Nc3 e6 11. Bg5 Nc6 12. Nxc6 Bxc6 13. Rac1 Qd7 14. Bxf6 Bxf6 15. e3 Rab8 16. f4 b5 17. Qc2 Rfc8 18. b4 Be7 19. a3 a5 20. Rb1 axb4 21. axb4 Ba8 22. Rb3 Rc4 23. Rfb1 Rbc8 24. Bf1 Qc6 25. Bxc4 dxc4 26. R3b2 Qh1+ 27. Kf2 Qf3+ 28. Ke1 Qxe3+ 29. Kf1 Qf3+ 30. Ke1 Re8 31. d5 Qh1+ 32. Ke2 Qg2+ 33. Kd1 Qf3+ 0-1

[Event "Commonwealth-ch"]
[Site "Nagpur"]
[Date "2008.09.30"]
[Round "3"]
[White "Ojas, Gulhane"]
[Black "Ajith, MP."]
[Result "0-1"]
[WhiteElo "1823"]
[BlackElo "2104"]
[PlyCount "104"]
[EventDate "2008.09.28"]
[EventType "swiss"]
[EventRounds "11"]
[EventCountry "IND"]
[SourceTitle "CBM 126 Extra"]
[Source "ChessBase"]
[SourceDate "2008.11.05"]
[SourceVersion "1"]
[SourceVersionDate "2008.11.05"]
[SourceQuality "1"]

1. c4 c5 2. Nc3 Nc6 3. Nf3 Nf6 4. e4 d6 5. d4 cxd4 6. Nxd4 g6 7. Be2 Bg7 8. Be3 0-0 9. 0-0 a6 10. f3 e5 11. Nc2 Be6 12. Qd2 Qe7 13. Rfd1 Rfd8 14. Bb6 Rd7 15. Nd5 Bxd5 16. cxd5 Na7 17. Rac1 Nc8 18. Be3 Qf8 19. Ne1 Ne7 20. Rc2 h6 21. Nd3 g5 22. Rdc1 Ng6 23. g4 Nf4 24. Nxf4 gxf4 25. Bb6 h5 26. h3 Qe7 27. Bf1 Bh6 28. g5 Bxg5 29. h4 Bxh4 30. Bh3 Kh7 31. Bf5+ Kh6 32. Rc8 Rxc8 33. Rxc8 Bg3 34. Bxd7 Qxd7 35. Rc7 Qb5 36. Bf2 h4 37. Rc2 Kg6 38. Kg2 h3+ 39. Kg1 Nh5 40. Qe2 h2+ 41. Kg2 Qd7 42. Rc1 Kg5 43. Rh1 f5 44. Bb6 fxe4 45. fxe4 Kh4 46. Kf1 Qh3+ 47. Qg2 Qxg2+ 48. Kxg2 Kg4 49. Bc7 f3+ 50. Kf1 Nf6 51. Bb6 Nxe4 52. Be3 Nf6 0-1